Những cơ sở của tâm lý học sư phạm T.2

Αποθηκεύτηκε σε:
Λεπτομέρειες βιβλιογραφικής εγγραφής
Κύριος συγγραφέας: Cruchetxki,V.A.
Άλλοι συγγραφείς: Thế Long (Dịch)
Μορφή: Βιβλίο
Έκδοση: H. Giáo Dục 1981
Θέματα:
Ετικέτες: Προσθήκη ετικέτας
Δεν υπάρχουν, Καταχωρήστε ετικέτα πρώτοι!
Thư viện lưu trữ: Trung tâm Học liệu Lê Vũ Hùng, Trường Đại học Đồng Tháp
LEADER 00912pam a22002538a 4500
001 00022138
005 20171026081023.0
008 110528s1981 ||||||Viesd
041 0 # |a Vie 
082 1 # |a 370.15  |b NH556C 
100 0 # |a Cruchetxki,V.A. 
245 0 0 |a Những cơ sở của tâm lý học sư phạm  |c V.A. Cruchetxki; Thế Long dịch  |n T.2 
260 # # |a H.  |b Giáo Dục  |c 1981 
300 # # |a 199 tr.  |c 21 cm. 
650 |a Sư phạm 
650 |a Tâm lý học 
653 # # |a Cơ sở 
700 0 # |a Thế Long  |e Dịch 
852 # # |b Kho giáo trình  |j KGT.0017248, KGT.0017249, KGT.0017250, KGT.0017251 
852 # # |b Kho mượn  |j KGT.0017248 
852 # # |b Kho đọc  |j KD.0008907 
852 # # |j KD.0008907  |j KGT.0017249  |j KGT.0017250  |j KGT.0017248  |j KGT.0017251 
910 # # |a kìm  |d 28/05/2011 
980 # # |a Trung tâm Học liệu Lê Vũ Hùng, Trường Đại học Đồng Tháp